000 00797cam a22002655a 4500
001 12581482
005 20201128024143.0
008 011105s2001 enka frb f001 0deng d
020 _a0192801996
020 _a9780192801999
040 _aDLC
_cDLC
_dDLC
_dEG-ScBUE
_beng
082 0 4 _222
_a193
_bSCR
100 1 _aScruton, Roger.
_91611
245 1 0 _aKant :
_ba very short introduction /
_cRoger Scruton.
260 _aOxford ;
_aNew York :
_bOxford University Press,
_c2001.
300 _a141 p. :
_bill. ;
_c18 cm.
490 0 _aVery short introductions ;
_v50
500 _aIndex : p. 137-141.
504 _aBibliography : p. 133-135.
600 1 0 _aKant, Immanuel,
_d1724-1804.
650 7 _2BUEsh
_aPhilosophy, German.
651 _2BUEsh
653 _bHHUUPPSS
_cApril2017
942 _2ddc
999 _c24723
_d24695